| 000 | 00470nam a2200181Ia 4500 | ||
|---|---|---|---|
| 001 | 17649 | ||
| 005 | 20260306171533.0 | ||
| 008 | 260306s9999||||xx |||||||||||||| ||und|| | ||
| 041 | _aESP | ||
| 082 |
_a658.11 _bS29 |
||
| 100 |
_aSchneider, Ben _eAUT |
||
| 245 | 0 |
_aResilience : _bcómo construir empresas exitosas en contextos de inestabilidad |
|
| 260 | _c2006 | ||
| 300 |
_a391 páginas : _c23 cm. |
||
| 650 | _aGEN | ||
| 654 | _aCAN | ||
| 942 |
_cLIB _dJUS _fJUS _2ddc _n |
||
| 999 |
_c17649 _d17649 |
||